[Event "IECC M email"]
[Site "IECC email"]
[Date "2003.07.10"]
[Round "?"]
[White "Badenhorst, Jack D"]
[Black "Atushi, Kusaka"]
[Result "1-0"]
[WhiteElo "988"]
[BlackElo "1000"]
[PlyCount "45"]
[EventDate "2003.??.??"]
[EventType "tourn (corr)"]
[EventRounds "6"]
[SourceTitle "Corr 2008"]
[Source "ChessBase"]
[SourceDate "2008.06.24"]
[SourceVersion "1"]
[SourceVersionDate "2008.06.24"]
[SourceQuality "1"]

1. e4 d6 2. d4 g6 3. Bg5 Nf6 4. Nc3 Bg7 5. Nf3 0-0 6. Bc4 c6 7. 0-0 Bg4 8. h3 Bxf3 9. Qxf3 e5 10. Rad1 Nbd7 11. a3 b6 12. Qg3 a5 13. dxe5 Nxe5 14. Ba2 Re8 15. f4 Ned7 16. Rxd6 Qc7 17. Bxf6 Nxf6 18. e5 Bf8 19. Rxf6 Rad8 20. Ne4 Rd7 21. Rxg6+ hxg6 22. Nf6+ Kh8 23. Qh4+ 1-0

[Event "IECC M email"]
[Site "IECC email"]
[Date "2003.07.07"]
[Round "?"]
[White "Dussetier, Franck"]
[Black "Badenhorst, Jack D"]
[Result "0-1"]
[WhiteElo "1075"]
[BlackElo "992"]
[PlyCount "80"]
[EventDate "2003.??.??"]
[EventType "tourn (corr)"]
[EventRounds "6"]
[SourceTitle "Corr 2008"]
[Source "ChessBase"]
[SourceDate "2008.06.24"]
[SourceVersion "1"]
[SourceVersionDate "2008.06.24"]
[SourceQuality "1"]

1. e4 c5 2. Nf3 Nc6 3. d4 cxd4 4. Nxd4 e6 5. Nc3 g6 6. Nxc6 bxc6 7. Bc4 Bg7 8. Be3 d6 9. 0-0 Nf6 10. Qf3 d5 11. Rfd1 0-0 12. b4 a6 13. a4 a5 14. b5 cxb5 15. Nxb5 Nxe4 16. Bd3 Bxa1 17. Rxa1 Bd7 18. Bxe4 dxe4 19. Qxe4 f5 20. Qe5 Qe7 21. Rc1 Ra6 22. Bd4 Bxb5 23. Qh8+ Kf7 24. Qxh7+ Ke8 25. Qxg6+ Qf7 26. Qxf7+ Kxf7 27. axb5 Raa8 28. f4 Rfd8 29. Be5 a4 30. b6 Rd7 31. c4 Rc8 32. Bb2 Rb7 33. c5 Ra8 34. c6 Rxb6 35. c7 Rc8 36. Be5 a3 37. h4 a2 38. Kh2 Rb1 39. Rc2 a1Q 40. Bxa1 Rxa1 0-1

[Event "IECC M email"]
[Site "IECC email"]
[Date "2003.07.01"]
[Round "?"]
[White "Badenhorst, Jack D"]
[Black "Phillips, David A"]
[Result "0-1"]
[WhiteElo "1006"]
[BlackElo "1168"]
[PlyCount "50"]
[EventDate "2003.??.??"]
[EventType "tourn (corr)"]
[EventRounds "6"]
[SourceTitle "Corr 2008"]
[Source "ChessBase"]
[SourceDate "2008.06.24"]
[SourceVersion "1"]
[SourceVersionDate "2008.06.24"]
[SourceQuality "1"]

1. c4 e5 2. Nc3 Nf6 3. g3 Bc5 4. Bg2 0-0 5. d3 Nc6 6. Nf3 d6 7. Bg5 h6 8. Bd2 Ng4 9. 0-0 Be6 10. Qc1 f5 11. h3 Nf6 12. Bxh6 f4 13. Bxf4 exf4 14. Ng5 Qe7 15. Nxe6 Qxe6 16. Bd5 Nxd5 17. Nxd5 f3 18. Nf4 Rxf4 19. Qxf4 Rf8 20. Qg4 Qxg4 21. hxg4 fxe2 22. Rfe1 Rxf2 23. Kh1 Nd4 24. Rac1 Nf3 25. d4 Rh2# 0-1

[Event "IECC KO email"]
[Site "IECC email"]
[Date "2003.04.22"]
[Round "?"]
[White "Badenhorst, Jack D"]
[Black "Van Gimst, Herman"]
[Result "1-0"]
[WhiteElo "986"]
[BlackElo "1088"]
[PlyCount "55"]
[EventDate "2003.??.??"]
[EventType "tourn (corr)"]
[EventRounds "6"]
[SourceTitle "Corr 2008"]
[Source "ChessBase"]
[SourceDate "2008.06.24"]
[SourceVersion "1"]
[SourceVersionDate "2008.06.24"]
[SourceQuality "1"]

1. e4 c5 2. Nf3 d6 3. d4 cxd4 4. Nxd4 Nf6 5. Nc3 g6 6. Be3 Bg7 7. Qd2 0-0 8. Bc4 a6 9. a3 b5 10. Ba2 Bb7 11. f3 Nbd7 12. Bh6 Bxh6 13. Qxh6 e5 14. h4 exd4 15. Ne2 d3 16. cxd3 Ne5 17. h5 Nxh5 18. Kd2 Nd7 19. g4 Nhf6 20. Rh3 Re8 21. g5 Nh5 22. Rah1 Nf8 23. Rxh5 gxh5 24. Qxh5 Qe7 25. g6 Nxg6 26. Qxh7+ Kf8 27. Qh6+ Kg8 28. Qxg6+ 1-0

[Event "IECC M email"]
[Site "IECC email"]
[Date "2002.12.16"]
[Round "?"]
[White "Badenhorst, Jack D"]
[Black "Lafargue, Philippe"]
[Result "1/2-1/2"]
[WhiteElo "1007"]
[BlackElo "931"]
[PlyCount "64"]
[EventDate "2002.??.??"]
[EventType "tourn (corr)"]
[EventRounds "6"]
[SourceTitle "Corr 2008"]
[Source "ChessBase"]
[SourceDate "2008.06.24"]
[SourceVersion "1"]
[SourceVersionDate "2008.06.24"]
[SourceQuality "1"]

1. e4 c5 2. d4 cxd4 3. Qxd4 Nc6 4. Qd1 Nf6 5. Nc3 g6 6. Bb5 a6 7. Bxc6 bxc6 8. Bf4 Qb6 9. b3 d6 10. Qe2 Bg7 11. e5 Nd5 12. exd6 Bxc3+ 13. Bd2 Bxa1 14. dxe7 Ra7 15. Be3 Nxe3 16. fxe3 Kxe7 17. Nf3 Re8 18. 0-0 Kf8 19. Rxa1 Rxe3 20. Qf2 Rae7 21. Kf1 Bg4 22. Re1 Bxf3 23. Rxe3 Qxe3 24. gxf3 Qxf2+ 25. Kxf2 Kg7 26. c4 f5 27. b4 Rb7 28. a3 Kf6 29. c5 Ke5 30. Ke3 Rd7 31. f4+ Kd5 32. Kd3 Ke6+ 1/2-1/2

[Event "IECC M email"]
[Site "IECC email"]
[Date "2002.12.16"]
[Round "?"]
[White "Lafargue, Philippe"]
[Black "Badenhorst, Jack D"]
[Result "0-1"]
[WhiteElo "932"]
[BlackElo "1013"]
[PlyCount "74"]
[EventDate "2002.??.??"]
[EventType "tourn (corr)"]
[EventRounds "6"]
[SourceTitle "Corr 2008"]
[Source "ChessBase"]
[SourceDate "2008.06.24"]
[SourceVersion "1"]
[SourceVersionDate "2008.06.24"]
[SourceQuality "1"]

1. e4 c5 2. b3 d5 3. Nc3 d4 4. Nd5 e6 5. Nf4 b6 6. Bb5+ Bd7 7. c4 Bxb5 8. cxb5 Bd6 9. Nh5 Bf8 10. Nf3 Nf6 11. Ne5 Nxe4 12. d3 Nd6 13. Nc6 Nxc6 14. bxc6 Qc7 15. Qf3 Rc8 16. Qg3 Nf5 17. Bf4 Nxg3 18. Bxc7 Nxh5 19. g4 Rxc7 20. gxh5 Bd6 21. 0-0-0 Kd8 22. Kb1 Re8 23. h3 e5 24. Rhg1 g6 25. hxg6 hxg6 26. h4 e4 27. a4 Rxc6 28. Rge1 e3 29. f3 Bf4 30. Kb2 Rh8 31. Rh1 Bg3 32. Rc1 Rf6 33. Rcg1 Rxf3 34. Rh3 Rf2+ 35. Ka3 Bxh4 36. Re1 c4 37. bxc4 Be7+ 0-1

[Event "IECC CL8-2002.10"]
[Site "IECC email"]
[Date "2002.09.30"]
[Round "?"]
[White "Schulze, Ralf Peter"]
[Black "Badenhorst, Jack D"]
[Result "0-1"]
[WhiteElo "984"]
[BlackElo "976"]
[PlyCount "54"]
[EventDate "2002.??.??"]
[EventType "tourn (corr)"]
[EventRounds "4"]
[SourceTitle "Corr 2008"]
[Source "ChessBase"]
[SourceDate "2008.06.24"]
[SourceVersion "1"]
[SourceVersionDate "2008.06.24"]
[SourceQuality "1"]

1. d4 Nf6 2. Nc3 e6 3. Nf3 Bb4 4. e4 0-0 5. Bg5 h6 6. h4 Be7 7. e5 Nd5 8. Nxd5 exd5 9. h5 Bxg5 10. Qe2 Re8 11. Nd2 Nc6 12. 0-0-0 d6 13. g3 Nxd4 14. Qd3 Bxd2+ 15. Rxd2 dxe5 16. c3 Nc6 17. Bg2 Be6 18. f4 e4 19. Qb5 f5 20. Qxb7 Na5 21. Qb5 Nc4 22. Rd4 c6 23. Qxc6 Rb8 24. b3 Qa5 25. b4 Qa3+ 26. Kd1 Qxc3 27. Rxd5 Nb2+ 0-1

[Event "IECC M email"]
[Site "IECC email"]
[Date "2002.09.26"]
[Round "?"]
[White "Montarolo, Luca"]
[Black "Badenhorst, Jack D"]
[Result "1/2-1/2"]
[WhiteElo "931"]
[BlackElo "978"]
[PlyCount "58"]
[EventDate "2002.??.??"]
[EventType "tourn (corr)"]
[EventRounds "6"]
[SourceTitle "Corr 2008"]
[Source "ChessBase"]
[SourceDate "2008.06.24"]
[SourceVersion "1"]
[SourceVersionDate "2008.06.24"]
[SourceQuality "1"]

1. e4 c5 2. e5 Nc6 3. Nf3 d6 4. Bb5 Bd7 5. Bxc6 Bxc6 6. 0-0 d5 7. d4 c4 8. c3 e6 9. Bg5 Be7 10. Bxe7 Nxe7 11. Nbd2 0-0 12. b3 b5 13. bxc4 bxc4 14. Qc2 a5 15. Rab1 a4 16. a3 Nf5 17. Rb4 Rb8 18. Rfb1 Rxb4 19. Rxb4 Qc7 20. Qb2 h6 21. g3 Ra8 22. Nh4 Nxh4 23. gxh4 Ra7 24. Rb8+ Kh7 25. Qb1+ g6 26. h5 Rb7 27. Rxb7 Qxb7 28. Qxb7 Bxb7 29. hxg6+ Kxg6 1/2-1/2